Mads Mikkelsen Filmography - Statistics

General Stats
  • This quiz has been taken 173 times
    34 since last reset
  • The average score is 19 of 76
Answer Stats
Type Year Name % Correct
TV Show 2013-2015 Hannibal
89%
Film 2012 The Hunt
78%
Film 2006 Casino Royale
72%
Film 2020 Druk
72%
Film 2016 Doctor Strange
61%
Film 1996 Pusher
56%
Film 2004 Pusher II
56%
Film 2016 Rogue One: A Star Wars Story
50%
Music Video 2015 B***h Better Have My Money
44%
Film 1999 Bleeder
44%
Video Game 2019 Death Stranding
44%
Film 2019 Polar
44%
Video Game 2008 007: Quantum of Solace
39%
Film 2005 Adam's Apples
39%
Film 2018 Arctic
39%
Film 2022 Fantastic Beasts: The Secrets of Dumbledore
39%
Film 2000 Flickering Lights
39%
Film 2004 King Arthur
39%
Film 2015 Men & Chicken
39%
Film 2020 Riders of Justice
39%
Film 2003 The Green Butchers
39%
Film 2006 After the Wedding
33%
Film 2012 A Royal Affair
33%
Film 2023 Indiana Jones and the Dial of Destiny
33%
Film 2006 Prague
33%
Film 2025 The Last Viking
33%
Film 2011 The Three Musketeers
33%
Film 2013 Charlie Countryman
28%
Film 2009 Coco Chanel & Igor Stravinsky
28%
Film 2026 Dust Bunny
28%
Film 2002 Open Hearts
28%
TV Show 2000-2004 Rejseholdet
28%
Film 2023 The Promised Land
28%
Film 2014 The Salvation
28%
Film 2009 Valhalla Rising
28%
Film 2021 Chaos Walking
22%
Film 2010 Clash of the Titans
22%
Film 2008 Flame & Citron
22%
Short Film 2003 Nu
22%
Film 2018 At Eternity's Gate
17%
Film 2006 Exit
17%
Film 2024 Mufasa: The Lion King
17%
Film 2001 Shake It All About
17%
Film 2009 The Door
17%
Film 2013 Age of Uprising: The Legend of Michael Kohlhaas
11%
Short Film 1996 Blomsterfangen
11%
Short Film 1996 Café Hector
11%
Music Video 2011 Djákninn
11%
Film 2002 I Am Dina
11%
TV Show 2005 Julie
11%
TV Show 2005 Klovn
11%
Film TBA Last Meals
11%
Film 2001 Monas Verden
11%
Film 2010 Moomins and the Comet Chase
11%
Film 2012 Move On
11%
Film 1998 Nattens Engel
11%
Film 2025 North
11%
Short Film 2021 Return of the Goat II: New World Order
11%
Music Video 2009 Sig Ja
11%
Film TBA Sirius
11%
Film TBA The Black Kaiser
11%
Short Film 2003 The Boy Below
11%
Short Film 1999 Tom Merritt
11%
Film 2003 Torremolinos 73
11%
Short Film 1997 Viceværten: The Caretaker
11%
Film 1998 Vildspor
11%
Film 2002 Wilbur Wants to Kill Himself
11%
Commercial 2017 Carlsberg Lager
6%
TV Show 2002 Banjos Likørstue
0%
Film 2006 Cars
0%
TV Show 1990 Harry Måneskin
0%
Documentary 2023 Hideo Kojima: Connecting Worlds
0%
Film 2001 Monsters, Inc.
0%
Documentary Series 2011 Pokerfjæs
0%
TV Show 2017 The Return of Superman
0%
Documentary 2023 Timeless Heroes: Indiana Jones and Harrison Ford
0%
No matching quizzes found
Score Distribution
Percent of People with Each Score
Percentile by Number Answered
Your Score History
You have not taken this quiz since the last reset